| 000 | 00516nam a2200193Ia 4500 | ||
|---|---|---|---|
| 003 | GCL | ||
| 008 | 140319s9999 xx 000 0 ara d | ||
| 040 |
_aGCL / _cGCL |
||
| 082 | 0 | 4 |
_a813.008 _bج م |
| 100 | 1 | _aاحمد امين | |
| 245 | 1 | 0 |
_aالمكافأة / _cاحمد امين |
| 700 | 1 | _aابوجعفر احمد بن عبدالله | |
| 300 | _a224 ص | ||
| 490 |
_aكتاب _v0 |
||
| 650 | 0 | 4 | _aالادب العربى |
| 650 | 0 | 4 | _aالقصص العربية |
| 650 | 0 | 4 | _aالادب |
| 942 |
_2ddc _cBK |
||
| 999 |
_c40748 _d40748 |
||